• 首页
  • 本馆介绍
  • 公告通知
  • 最新文献
  • 馆藏检索
  • 电子资源
  • 读者导购
  • 参考咨询
  • 我的图书馆
  • 登录
  • 详细信息显示
  • 放入我的书架
  • 预约/预借图书
  • 作者相关作品
  • 分类相关作品
  • 丛书相关作品
  • 出版社相关作品

书目信息

  • 表格格式
  • 工作单格式
  • 卡片格式
题名:
史海蠡测
    
 
作者: 张志胜 , 陈家华 , 陈娇 娇著
分册:  
出版信息: 哈尔滨   黑龙江人民出版社  2018.4
页数: 176页
开本: 24cm
丛书名: 陈家华名师工作室精品文丛
单 册:
中图分类: G633.512
科图分类:
主题词: 中学历史课--教学研究
电子资源:
ISBN: 978-7-207-11311-5
000 00971oam2 2200265 450
001 4399
005 20180613153046.02
010    @a978-7-207-11311-5@dCNY32.00
100    @a20180423d2018 em y0chiy0110 ea
101 0  @achi
102    @aCN@b230000
105    @ay z 000yy
200 1  @a史海蠡测@9shi hai li ce@f张志胜,陈家华,陈娇著
210    @a哈尔滨@c黑龙江人民出版社@d2018.4
215    @a176页@d24cm
225 2  @a陈家华名师工作室精品文丛
330    @a作者在中学历史教育实践的基础上,结合中学历史教学实践和中学生特点,对历史学本体的认识、历史学基本理论、史料分类、史料认知过程等相关史学理论与方法进行了解说,并结合相关史实及历史图片对相关史学理论难点进行了重点阐述。
461  0 @12001 @a陈家华名师工作室精品文丛
606 0  @a中学历史课@x教学研究
690    @aG633.512@v5
701  0 @a张志胜@9zhang zhi sheng@4娇著
701  0 @a陈家华@9chen jia hua@4娇著
701  0 @a陈娇@9chen jiao@4著
801  0 @aCN@b91CIP@c20180423
905    @aMuseLib@dG633.512@e311
    
    史海蠡测/张志胜,陈家华,陈娇著.-哈尔滨:黑龙江人民出版社,2018.4
    176页;24cm.-(陈家华名师工作室精品文丛)
    
    
    ISBN 978-7-207-11311-5:CNY32.00
    作者在中学历史教育实践的基础上,结合中学历史教学实践和中学生特点,对历史学本体的认识、历史学基本理论、史料分类、史料认知过程等相关史学理论与方法进行了解说,并结合相关史实及历史图片对相关史学理论难点进行了重点阐述。
●
相关链接 在E读中查询图书 在五车中查询图书 在当当中查询图书 在豆瓣中查询图书


正题名:史海蠡测     索取号:G633.512/311         预约/预借

序号 登录号 条形码 馆藏地/架位号 状态 备注
1 1117353   211173530   第一样本阅览室/ [索取号:G633.512/311] 在馆    
2 1117354   211173549   教育系资料室/ [索取号:G633.512/311] 在馆    
3 1117355   211173558   教育系资料室/ [索取号:G633.512/311] 在馆    
4 1117356   211173567   教育系资料室/ [索取号:G633.512/311] 在馆    
5 1117357   211173576   第四借阅区/ [索取号:G633.512/311] 在馆    
唐山师范学院图书馆 欢迎您!
大连网信软件有限公司© 版权所有